Firmy, które wyprodukowały obecne krakowskie tramwaje - Statystyki

Ogólne statystyki
  • Ten quiz został rozwiązany 40 razy
  • Średni wynik to 5 z 8
Statystyki odpowiedzi
Hint Odpowiedź % Poprawnych
"Krakowiak" Pesa
97%
105Na Konstal
90%
NGT 8 Bombardier
74%
"Lajkonik" Stadler
71%
126N Nevelo Newag
68%
GT8S Duewag
58%
405N Protram
45%
N8 MAN/Duewag
42%
Nie znaleziono quizów pasujących do podanych kryteriów
Rozkład punktacji
Procent ludzi z każdym wynikiem
Percentyl według liczby udzielonych odpowiedzi
Twoja historia wyników
Nie rozwiązałeś tego quizu